Normale Ansicht MARC-Ansicht ISBD

Becoming East German : (Titelsatznr. 36631)

[ MARC ]
MARC-Details
000 -Satzkennung
Kontrollfeld mit fester Länge 00754nam a22002531c 4500
001 - Kontrollnummer
Kontrollfeld 9780857459749-nbs
008 - Feld mit fester Länge zur physischen Beschreibung - Allgemeine Angaben
Kontrollfeld mit fester Länge 141020s2013 gw |||| 000u eng d
020 ## - Internationale Standardbuchnummer
Internationale Standardbuchnummer 9780857459749
Verknüpfung 978-0-85745-974-9
041 ## - Sprachcode
Sprachcode des Textes/der Tonspur oder des separaten Titels eng
040 ## - Katalogisierungsquelle
Übertragungsstelle RU-10907106
003 - Kontrollnummer Identifier
Kontrollfeld RU-10907106
245 00 - Titel
Titel Becoming East German :
Zusatz zum Titel socialist structures and sensibilities after Hitler
264 ## - Produktion, Veröffentlichung, Distribution, Herstellung und Urheberrechtsvermerk
Herstellungs-, Veröffentlichungs- Vertriebs-, Erzeugungsort New York [u.a.] :
Produzent, Herausgeber, Distributor, Hersteller Berghahn Books,
Datum der Herstellung, der Veröffentlichung, des Vertriebs oder des Urheberschutzvermerks 2013
300 ## - Physische Beschreibung
Umfang X, 303 S.
490 #0 - Gesamttitelangabe
Gesamttitelangabe Spektrum:
Bandnummer/Folgebezeichnung 6
650 #0 - Nebeneintragung unter einem Schlagwort - Sachschlagwort
Sachschlagwort oder geografischer Name als Eintragungselement Kollektives Gedächtnis
650 #0 - Nebeneintragung unter einem Schlagwort - Sachschlagwort
Sachschlagwort oder geografischer Name als Eintragungselement Politische Identität
650 #0 - Nebeneintragung unter einem Schlagwort - Sachschlagwort
Sachschlagwort oder geografischer Name als Eintragungselement Gesundheitspolitik
650 #0 - Nebeneintragung unter einem Schlagwort - Sachschlagwort
Sachschlagwort oder geografischer Name als Eintragungselement Disziplinierung
651 #0 - Nebeneintragung unter einem Schlagwort - Geografischer Name
Geografischer Name Deutschland <DDR>
700 1# - Nebeneintragung - Personenname
Personenname Fulbrook, Mary
Funktionsbezeichnung HerausgeberIn
700 1# - Nebeneintragung - Personenname
Personenname Port, Andrew I.
Funktionsbezeichnung HerausgeberIn
942 ## - Zusätzliche Felder (Koha)
Koha-Medientyp Monographien
Exemplare
Ausgeschieden Verloren Klassifikation oder Aufstellungssystematik Beschädigt Nicht entleihbar Heimatbibliothek Aufenthaltsbibliothek Aufstellungsort Erwerbungsdatum Inventarnummer Signatur Barcode Letzte Aktivität Preis gültig von Koha-Medientyp
    Andere/Generische Klassifikation     MWN Osteuropa MWN Osteuropa Lesesaal - 1 20/10/2014 14-02617 D 54 k Ful E004015079097F59 22/02/2021 22/03/2021 Monographien